banner koha

As abelhas sumiram (Registro n. 331239)

MARC details
000 -LÍDER
fixed length control field 00845nab a2200265 4500
003 - CÓDIGO MARC DA AGÊNCIA CATALOGADORA
Campo de controle BR-BrBNA
005 - DATA E HORA DA ÚLTIMA ATUALIZAÇÃO
Campo de controle 20250428164751.0
008 - CAMPO DE TAMANHO FIXO
fixed length control field 250428b bl.||||| |||| 00| 0 por d
040 ## - FONTE DA CATALOGAÇÃO
Agência catalogadora BR-BrBNA
Idioma da catalogação por
072 ## - CATEGORIA AGRIS
Código AGRIS L01 ; L73 ; L74 ; E16
Código do objeto 7100
100 ## - ENTRADA PRINCIPAL - NOME PESSOAL
Nome pessoal Morais, Larissa
245 ## - TÍTULO PRINCIPAL
Título principal As abelhas sumiram
Subtítulo Agronegócios
500 ## - NOTA GERAL
Nota geral 2 illus.
942 ## - ADDED ENTRY ELEMENTS (KOHA)
Koha item type Analítica
650 ## - ASSUNTO - THESAGRO
Cabeçalho tópico ou nome geográfico ABELHA
650 ## - ASSUNTO - THESAGRO
Cabeçalho tópico ou nome geográfico INSETO POLINIZADOR
650 ## - ASSUNTO - THESAGRO
Cabeçalho tópico ou nome geográfico MORTALIDADE ANIMAL
650 ## - ASSUNTO - THESAGRO
Cabeçalho tópico ou nome geográfico DOENÇA
650 ## - ASSUNTO - THESAGRO
Cabeçalho tópico ou nome geográfico INSETICIDA
650 ## - ASSUNTO - THESAGRO
Cabeçalho tópico ou nome geográfico AQUECIMENTO GLOBAL
650 ## - ASSUNTO - THESAGRO
Cabeçalho tópico ou nome geográfico PRODUÇÃO DE ALIMENTO
650 ## - ASSUNTO - THESAGRO
Cabeçalho tópico ou nome geográfico ECONOMIA RURAL
773 0# - ENTRADA ANALÍTICA
Host Biblionumber 1706
Registro do item 347861
Imprenta São Paulo-SP Editora Três Ltda - E-mail: luizfsa@revistadinheiro.com.br 2004
Outro identificador 2025-0362
Título Dinheiro Rural (Brazil)
ISSN 1807-3700
Colação v. 4(31) p. 48-49; (May 2007)
Número de controle de registro BR2025000871

Nenhum exemplar disponível.

BINAGRI

Telefone: (61)3218-2567/2388/3357/2097 - binagri@agro.gov.br

Ministério da Agricultura e Pecuária , Esplanada dos Ministérios, Bloco D, Anexo B, Brasília/DF, CEP: 70.043-900